Переводы романа Ф. М. Достоевского "Игрок" на английский язык; Коммуникативные аспекты языка и культуры; Ч. 1

Dades bibliogràfiques
Parent link:Коммуникативные аспекты языка и культуры: сборник материалов XII Международной научно-практической конференции студентов и молодых ученых, г. Томск, 16-18 мая 2012 г./ Национальный исследовательский Томский политехнический университет (ТПУ), Институт международного образования и языковой коммуникации (ИМОЯК) ; под ред. С. А. Песоцкой.— , 2012
Ч. 1.— 2012.— [С. 230-239]
Autor principal: Шатохина А. О. Анастасия Олеговна
Autor corporatiu: Национальный исследовательский Томский политехнический университет (ТПУ) Институт международного образования и языковой коммуникации (ИМОЯК) Кафедра русского языка и литературы (РЯЛ)
Altres autors: Седельникова О. В. Ольга Викторовна (научный руководитель)
Sumari:Заглавие с титульного листа.
Электронная версия печатной публикации.
Idioma:rus
Publicat: 2012
Col·lecció:Теория и практика перевода
Matèries:
Accés en línia:http://www.lib.tpu.ru/fulltext/c/2012/C77/V1/055.pdf
Format: Electrònic Capítol de llibre
KOHA link:https://koha.lib.tpu.ru/cgi-bin/koha/opac-detail.pl?biblionumber=608771

MARC

LEADER 00000naa2a2200000 4500
001 608771
005 20231229111337.0
035 |a (RuTPU)RU\TPU\conf\6207 
035 |a RU\TPU\conf\6181 
090 |a 608771 
100 |a 20141012d2012 k y0rusy50 ca 
101 0 |a rus 
102 |a RU 
105 |a y z 100zy 
135 |a drcn ---uucaa 
181 0 |a i  
182 0 |a b 
200 1 |a Переводы романа Ф. М. Достоевского "Игрок" на английский язык  |f А. О. Шатохина  |g науч. рук. О. В. Седельникова 
203 |a Текст  |c электронный 
215 |a 1 файл (142 Кб) 
225 1 |a Теория и практика перевода 
300 |a Заглавие с титульного листа. 
300 |a Электронная версия печатной публикации. 
320 |a [Библиогр.: с. 238-239 (11 назв.)] 
337 |a Adobe Reader 
461 1 |0 (RuTPU)RU\TPU\conf\4597  |t Коммуникативные аспекты языка и культуры  |o сборник материалов XII Международной научно-практической конференции студентов и молодых ученых, г. Томск, 16-18 мая 2012 г.  |o в 3 ч.  |f Национальный исследовательский Томский политехнический университет (ТПУ), Институт международного образования и языковой коммуникации (ИМОЯК) ; под ред. С. А. Песоцкой  |d 2012 
463 1 |0 (RuTPU)RU\TPU\conf\4599  |t Ч. 1  |v [С. 230-239]  |d 2012 
600 1 |a Достоевский  |g Федор Михайлович  |f 1821-1881  |c русский писатель  |b Ф. М.  |2 stltpush  |3 (RuTPU)RU\TPU\pers\1038 
610 1 |a электронный ресурс 
610 1 |a труды учёных ТПУ 
610 1 |a переводы 
610 1 |a романы 
610 1 |a английский язык 
610 1 |a литературные произведения 
610 1 |a культура 
610 1 |a Игрок 
700 1 |a Шатохина  |b А. О.  |c лингвист  |c старший преподаватель Томского политехнического университета  |f 1982-  |g Анастасия Олеговна  |3 (RuTPU)RU\TPU\pers\30732  |9 15003 
702 1 |a Седельникова  |b О. В.  |c лингвист  |c доцент Томского политехнического университета, кандидат филологических наук  |f 1972-  |g Ольга Викторовна  |4 727 
712 0 2 |a Национальный исследовательский Томский политехнический университет (ТПУ)  |b Институт международного образования и языковой коммуникации (ИМОЯК)  |b Кафедра русского языка и литературы (РЯЛ)  |3 (RuTPU)RU\TPU\col\18974 
801 1 |a RU  |b 63413507  |c 20140902 
801 2 |a RU  |b 63413507  |c 20160122  |g RCR 
856 4 |u http://www.lib.tpu.ru/fulltext/c/2012/C77/V1/055.pdf 
942 |c BK